| 000 | 01240nac a22003017a 4500 | ||
|---|---|---|---|
| 001 | BR8201738 | ||
| 003 | BR-BrBNA | ||
| 005 | 20240105115256.0 | ||
| 008 | 230509b bl.|||m| |||| 00| 0 por d | ||
| 040 |
_aBR-BrBNA _bpor _cBiblioteca Nacional de Agricultura |
||
| 072 | _aF00 | ||
| 090 | _a1126 BR8201738 | ||
| 100 | 1 | _aVieira, A. | |
| 100 | 1 | _aGadelha, R.S. de S. | |
| 110 | 1 | _aEmpresa de Pesquisa Agropecuaria do Estado do Rio de Janeiro, Niteroi (Brasil) | |
| 245 | 1 | _aInfluencia do acido naftaleno acetico (A.N.A.)sobre as caracteristicas de frutos de abacaxi da cultivar Smooth Cayenne [Ananas comosus; Regulador de crescimento; Brasil] | |
| 246 | 1 | _a[Influence of naphthalene acetic acid on the characteristics of pineapple fruits Smooth cayenne cultivar [Ananas comosus; Grawth regulator; Brazil]] | |
| 260 | 3 |
_aNiteroi, RJ (Brasil): _c1982. |
|
| 300 | _a3 p. | ||
| 490 |
_aComunicado Tecnico - Empresa de Pesquisa Agropecuaria do Estado do Rio de Janeiro (Brazil) _vno. 116 _xISSN 0100-896X |
||
| 650 | _aABACAXI | ||
| 650 | _aFRUTO | ||
| 650 | _aREGULADOR DE CRESCIMENTO | ||
| 650 | _aACIDO NAFTALENO-ACETICO | ||
| 650 | _aVARIEDADE | ||
| 909 |
_a202312 _bLúcia Elande _c55 _dLúcia Elande |
||
| 942 |
_2AGRIS _n0 _cMS |
||
| 999 |
_c274020 _d274020 |
||